|
|
|
|
| LEADER |
00997nam a2200253 a 4500 |
| 001 |
32125 |
| 003 |
BD-DhAAL |
| 005 |
20171003160035.0 |
| 008 |
171003s1996 bg ||||| |||| 00| 0 ben d |
| 999 |
|
|
|c 38346
|d 38346
|
| 020 |
|
|
|a 9789840419944
|
| 040 |
|
|
|a BD-DhAAL
|
| 041 |
|
|
|a BEN
|
| 082 |
|
|
|2 23
|a 954.9205092
|
| 100 |
|
|
|a হুদা, মুহম্মদ নূরুল
|9 22401
|
| 245 |
|
|
|a মুজিববাড়ি /
|c মুহম্মদ নূরুল হুদা
|
| 260 |
|
|
|a ঢাকা :
|b আগামী প্রকাশনী ;
|c ১৯৯৬
|
| 300 |
|
|
|a ৪৭ পৃষ্ঠা ;
|c ২২ সে.মি.
|
| 526 |
|
|
|a AAL
|
| 541 |
|
|
|e 32125
|
| 600 |
|
|
|a Sheikh, Mujibur Rahman
|d 1920-1975
|9 22402
|
| 651 |
|
|
|a Bangladesh
|x Politics and government.
|9 22403
|
| 942 |
|
|
|2 ddc
|c BK
|
| 952 |
|
|
|0 0
|1 0
|2 ddc
|4 0
|6 954_920509200000000_HUD
|7 0
|9 61359
|a BRACUL
|b BRACUL
|c BNC
|d 2017-09-27
|e Development Book Agency
|g 34.00
|l 0
|o 954.9205092 HUD
|p 3010032125
|r 2017-09-27
|t 1
|v 40.00
|w 2017-09-27
|y BK
|